| 000 | 01934cam a22003378i 4500 | ||
|---|---|---|---|
| 001 | 18981437 | ||
| 003 | OSt | ||
| 005 | 20220125113309.0 | ||
| 008 | 160219s2017 mau 000 0 eng | ||
| 010 | _a 2016001144 | ||
| 020 | _a9781292160504 | ||
| 020 | _a1292160500 | ||
| 040 |
_aDLC _beng _cLC _erda |
||
| 042 | _apcc | ||
| 050 | 0 | 0 | _aHB172.5.B57 |
| 082 | 0 | 0 |
_a339 _223 |
| 100 | 1 | _aBlanchard, Olivier | |
| 245 | 1 | 0 |
_aMacroeconomics. / _cOlivier Blanchard. |
| 250 | _a7th ed. | ||
| 263 | _a1604 | ||
| 264 | 1 |
_aBoston: _bPearson, _c2017. |
|
| 300 | _a530 p. + [various pagings] | ||
| 336 |
_atext _2rdacontent |
||
| 337 |
_aunmediated _2rdamedia |
||
| 338 |
_avolume _2rdacarrier |
||
| 505 | _aContents: Introduction: A tour of the world -- A tour of the book -- The Short run: The goods market -- Financial markets -- Goods and financial market; The IS-LM model -- Financial markets: The Extended IS-LM model -- The Medium run: The labor market -- The Phillips curve, the natural rate of unemployment and inflation -- From the short to the medium run: The IS-LM-PC model -- The Long run: The facts of growth -- Saving, capital accumulation and output -- Technological progress and growth -- Technological progress: the short, the medium and the long run -- Expectations: Financial markets and expectations -- Expectations, consumption and investment -- Expectations, output and policy -- The open economy: Openness in goods and financial markets -- The goods market in an open economy -- Output, the interest rate and the exchange rate -- Exchange rate regimes -- Back to policy: Should policy makers be restrained? Fiscal policy: a summing up -- Monetary policy: a summing up -- Epilogue: the story of macroeconomics -- | ||
| 650 | 0 | _aMacroeconomics. | |
| 906 |
_a7 _bcbc _corignew _d1 _eecip _f20 _gy-gencatlg |
||
| 942 |
_2lcc _cBK |
||
| 999 |
_c8472 _d15972 |
||